|
|
|
|
| LEADER |
00000cam a2200000 7i4500 |
| 001 |
0000003860 |
| 005 |
20110801.0 |
| 020 |
0 |
0 |
|a 0851995004
|
| 090 |
0 |
0 |
|a 333.75152
|b SHEP 2001
|
| 245 |
1 |
0 |
|a Forests and landscapes: :
|b linking ecology, sustainability and aesthetics
|c edited by S.Sheppard & H. Harshaw
|
| 260 |
0 |
0 |
|a Wallingford :
|b CABI Publishing ,
|c 2001
|
| 300 |
|
|
|a xxix, 294 p. :
|b ill ;
|c 24 cm.
|
| 490 |
0 |
1 |
|a IUFO Research Series 6
|
| 504 |
0 |
0 |
|a Includes bibliographical references
|
| 650 |
0 |
0 |
|a Forest ecology
|
| 650 |
0 |
0 |
|a Forest landscape management
|
| 650 |
0 |
0 |
|a Sustainable forestry
|
| 700 |
0 |
1 |
|a Harshaw, H
|
| 700 |
0 |
1 |
|a Sheppard, Stephen
|
| 998 |
|
|
|a JPSM
|
| 999 |
|
|
|a 007366
|b Monograph
|c Open Shelf
|e Default branch
|